• 首页
  • 本馆介绍
  • 公告通知
  • 最新文献
  • 馆藏检索
  • 电子资源
  • 读者导购
  • 参考咨询
  • 我的图书馆
  • 登录
  • 详细信息显示
  • 放入我的书架
  • 预约/预借图书
  • 作者相关作品
  • 分类相关作品
  • 丛书相关作品
  • 出版社相关作品

书目信息

  • 表格格式
  • 工作单格式
  • 卡片格式
题名:
国际商务礼仪
    
 
作者: 吴晓路 著
分册:  
出版信息: 北京   中国纺织出版社  2018
页数: 169页
开本: 21cm
丛书名:
单 册:
中图分类: F718
科图分类:
主题词: 国际商务--礼仪
电子资源:
ISBN: 978-7-5180-3204-4
000 00819nam0 2200229 450
001 012001005664
005 20080820153336.0
010    @a978-7-5180-3204-4@dCNY49.00
100    @a20180217d2018 em y0chiy50 ea
101 0  @achi
102    @aCN@b110000
105    @ay z 000yy
106    @ar
200 1  @a国际商务礼仪@9guo ji shang wu li yi@f吴晓路著
210    @a北京@c中国纺织出版社@d2018
215    @a169页@d21cm
330    @a本书详细并专业的阐述了国际商务礼仪相关文化。从礼仪文化的起源,到商务礼仪文化的发展变革,并概况分析了当前社会国际商务礼仪的现状,根据国际商务礼仪的重要性,具体的描绘了在国际商务交往中,如何更好的使用商务礼仪,以及社交技巧。
606 0  @a国际商务@x礼仪
690    @aF718@v5
701  0 @a吴晓路@9wu xiao lu@4著
801  0 @aCN@b上海新华@c20180901
905    @b1174916-20@dF718@e1114@f5
    
    国际商务礼仪/吴晓路著.-北京:中国纺织出版社,2018
    169页;21cm
    
    
    ISBN 978-7-5180-3204-4:CNY49.00
    本书详细并专业的阐述了国际商务礼仪相关文化。从礼仪文化的起源,到商务礼仪文化的发展变革,并概况分析了当前社会国际商务礼仪的现状,根据国际商务礼仪的重要性,具体的描绘了在国际商务交往中,如何更好的使用商务礼仪,以及社交技巧。
●
相关链接 在E读中查询图书 在五车中查询图书 在当当中查询图书 在豆瓣中查询图书


正题名:国际商务礼仪     索取号:F718/1114         预约/预借

序号 登录号 条形码 馆藏地/架位号 状态 备注
1 1174916   211749161   第一样本阅览室/ [索取号:F718/1114] 在馆    
2 1174917   211749170   第一借阅区/ [索取号:F718/1114] 在馆    
3 1174918   211749189   第一借阅区/ [索取号:F718/1114] 在馆    
4 1174919   211749198   密集书库-海洋学院/ [索取号:F718/1114] 在馆    
5 1174920   211749205   第一借阅区/ [索取号:F718/1114] 在馆    
唐山师范学院图书馆 欢迎您!
大连网信软件有限公司© 版权所有